Logo BPK

Biblioteka

Politechniki Koszalińskiej

Teoria integracji socjalistycznej / (Rekord nr 27672)

Szczegóły MARC
000 -ETYKIETA REKORDU
podpole kontrolne o stałej długości 00380nam a2200157 i 4500
001 - NUMER KONTROLNY REKORDU
pole kontrolne bg
040 ## - ŹRÓDŁO KATALOGOWANIA
Instytucja, która utworzyła rekord BPK
041 ## - KOD JĘZYKA
Kod języka tekstu pol
080 ## - UNIWERSALNA KLASYFIKACJA DZIESIĘTNA - UKD
UKD 339.9
008 - POLE O STAŁEJ DŁUGOŚCI - DANE KONTROLNE
podpole kontrolne o stałej długości s pl f |000 0 pol
100 1# - NAZWA OSOBOWA
Nazwa osobowa BOŻYK, Paweł
245 #0 - TYTUŁ/ODPOWIEDZIALNOŚĆ
Tytuł Teoria integracji socjalistycznej /
Pozostałe elementy strefy tytułu i oznaczenia odpowiedzialności Paweł Bożyk, Marian Guzek.
260 ## - STREFA ADRESU WYDAWNICZEGO
Miejsce wydania Warszawa,
Data publikacji, dystrybucji/powstania dokumentu 1977.
700 1# - HASŁO DODATKOWE - NAZWA OSOBOWA
Nazwa osobowa GUZEK, Marian
856 ## - LOKALIZACJA I DOSTĘP DO ELEKTRONICZNYCH DOKUMENTÓW ZDALNYCH
Link (URL) http://koha.tu.koszalin.pl/cgi-bin/koha/opac-detail.pl?biblionumber=27672
Tekst linku Katalog online BPK
942 ## - DODATKOWE ELEMENTY (KOHA)
Typ dokumentu Książka
Egzemplarze
Wycofany Status egzemplarza Uszkodzony Dostępność Lokalizacja stała Lokalizacja bieżąca Miejsce przechowywania Sygnatura Kod kreskowy Typ dokumentu
      Dostępny Biblioteka Politechniki Koszalińskiej Biblioteka Politechniki Koszalińskiej Wypożyczalnia BG 22439 02139968 Książka
      Dostępny Biblioteka Politechniki Koszalińskiej Biblioteka Politechniki Koszalińskiej Wypożyczalnia BG 22440 01682892 Książka
© 2023 Biblioteka Politechniki Koszalińskiej :: KOHA